Theory and practice of nursing: (Record no. 5645)

MARC details
000 -LEADER
fixed length control field 00642nam a22002057a 4500
003 - CONTROL NUMBER IDENTIFIER
control field OSt
005 - DATE AND TIME OF LATEST TRANSACTION
control field 20170306155509.0
008 - FIXED-LENGTH DATA ELEMENTS--GENERAL INFORMATION
fixed length control field 170306b xxu||||| |||| 00| 0 eng d
020 ## - INTERNATIONAL STANDARD BOOK NUMBER
International Standard Book Number 1873732104
040 ## - CATALOGING SOURCE
Transcribing agency 040a
082 ## - DEWEY DECIMAL CLASSIFICATION NUMBER
Classification number WY 100
Item number T343 1995
245 ## - TITLE STATEMENT
Title Theory and practice of nursing:
Remainder of title an intergrated approach to patient care /
Statement of responsibility, etc. Lynn Basford, Oliver Slevin
260 ## - PUBLICATION, DISTRIBUTION, ETC. (IMPRINT)
Place of publication, distribution, etc. Edinburgh
Name of publisher, distributor, etc. Campion press limited
Date of publication, distribution, etc. 1995
300 ## - PHYSICAL DESCRIPTION
Extent 790p;
Other physical details col.ill :
Dimensions 16 cm.
504 ## - BIBLIOGRAPHY, ETC. NOTE
Bibliography, etc Includes bibliographical references and index
650 ## - SUBJECT ADDED ENTRY--TOPICAL TERM
Topical term or geographic name as entry element Nursing
9 (RLIN) 135
700 ## - ADDED ENTRY--PERSONAL NAME
Personal name Basford, Lynn
9 (RLIN) 11768
700 ## - ADDED ENTRY--PERSONAL NAME
Personal name Slevin, Oliver
9 (RLIN) 11769
942 ## - ADDED ENTRY ELEMENTS (KOHA)
Source of classification or shelving scheme Other/Generic Classification Scheme
Koha item type Open Shelf
Holdings
Withdrawn status Lost status Source of classification or shelving scheme Damaged status Not for loan Home library Current library Date acquired Source of acquisition Inventory number Total Checkouts Total Renewals Full call number Barcode Date last seen Date last checked out Price effective from Koha item type
    Other/Generic Classification Scheme     MUST Main Library MUST Main Library 06/03/2017   2001/15405 1 1 WY 100 T343 1995 2017-0335 26/07/2022 19/07/2022 06/03/2017 Open Shelf
    Other/Generic Classification Scheme     MUST Main Library MUST Main Library 22/03/2017   2001/15174     WY 100 T343 1995 2017-0507 22/03/2017   22/03/2017 Open Shelf